000 00769nam a2200181Ia 4500
008 151202s9999||||xx |||||||||||||| ||und||
082 _bPNVM-121342
100 _aसामंत बाळ.
245 _aश्रीगोंदेकर नारायण महाराज यांचे चरित्र.
260 _bचिटणीस के अं मुंबई.
260 _c1959
300 _a232
600 _aसामंत बाळ.
630 _aश्रीगोंदेकर नारायण महाराज यांचे चरित्र.
700 _aसामंत बाळ.
730 _aश्रीगोंदेकर नारायण महाराज यांचे चरित्र.
942 _cBOOK
999 _c1351471
_d1351468